World perspectives on international politics

Sparad:
Bibliografiska uppgifter
Huvudupphovsman: Clemens, Walter C (Författare, medförfattare)
Materialtyp: Bok
Språk:engelska
Publicerad: Boston Little, Brown 1965
Ämnen:
Taggar: Lägg till en tagg
Inga taggar, Lägg till första taggen!

MARC

LEADER 00000nam a2200000 a 4500
001 UCO7634
003 CL-VaPUC
008 001117e19650000US |||||||||||||||||eng|d
082 0 4 |a 327  |b CLE  |2 21 
100 0 |a Clemens, Walter C  |e author  |9 452239 
245 1 0 |a World perspectives on international politics 
300 |a 481 p 
942 |c BK 
945 |d 20001117 00:00:00  |a crobeson 
260 |a Boston  |b Little, Brown  |c 1965 
500 |a Donación del profesor Manfred Wilhelmy von Wolff 
600 0 7 |a NACIONES UNIDAS  |2 CL-VaPUC  |9 255446 
650 0 |a Política internacional  |9 255813 
650 0 |a Relaciones Internacionales  |9 255740 
650 0 |a Cooperación internacional  |9 255447 
650 0 |a Países en desarrollo  |9 259663 
650 7 |a TERCER MUNDO  |2 CL-VaPUC  |9 343226 
650 0 |a Guerra Fría   |9 319648 
650 7 |a CARRERA ARMAMENTISTA  |2 CL-VaPUC  |9 452240 
583 |a last modification  |c 20001117 00:00:00  |k Rodrigo Vera 
999 |c 292522  |d 292520 
952 |0 0  |1 0  |4 0  |6 327_000000000000000_CLE_1965  |7 0  |8 A  |9 343443  |a BIBHIS  |b BIBHIS  |d 2019-11-20  |i 1229133  |o 327 CLE 1965  |p 1229133  |r 2025-01-20  |w 2019-11-20  |y BK  |k HIS